000 00316nam a2200133Ia 4500
005 20251222142018.0
008 251222s9999||||xx |||||||||||||| ||spa||
020 _a84-85056-00-0
082 _a858.87/S17O
100 _aSalgari, Emilio
245 0 _aEl Continente Misterioso
264 _bFerrer Coll
942 _cLIB
999 _c10564
_d10564